Computer Trivia #2 - Statistics

General Stats
  • This quiz has been taken 107 times
  • The average score is 7 of 15
Answer Stats
Hint Answer % Correct
Machine language consisting of 0s and 1s Binary
94%
A language used to interact with databases Structured Query Language
77%
Converts web URLs into IP addresses Domain Name System
74%
Symbol used to add a comment in Python Hash
63%
Network used for anonymous online browsing The Onion Router
53%
7-bit character encoding system ASCII
49%
Give the JavaScript command used to display text in the browser console console.log()
47%
Process of adding random data to a password before hashing to make it more secure Salting
40%
Character encoding system designed to include all the world's writing systems Unicode
40%
Command used to send an ICMP echo request Ping
37%
Name given to a more personalised version of phishing Spear phishing
30%
What the "GPT" stands for in "ChatGPT" Generative pre-trained transformer
23%
One of the founders of Microsoft Paul Allen
12%
Windows file sharing occurs through this port 445
9%
In cybersecurity, testing the source code of a program Static application security testing
2%
No matching quizzes found
Score Distribution
Percent of People with Each Score
Percentile by Number Answered
Your Score History
You have not taken this quiz